|
|
|
|
| LEADER |
00000nam0a2200000 4500 |
| 001 |
266329 |
| 005 |
20231101234006.0 |
| 020 |
|
|
|a RU
|b 86-74012
|
| 035 |
|
|
|a (RuTPU)RU\TPU\book\289348
|
| 090 |
|
|
|a 266329
|
| 100 |
|
|
|a 20140707d1986 k y0rusy5003 ca
|
| 101 |
0 |
|
|a rus
|
| 102 |
|
|
|a RU
|
| 105 |
|
|
|a a z 001zy
|
| 200 |
1 |
|
|a Цифровые измерительно-управляющие устройства тензометрических весов и дозаторов
|f Ю. Л. Полунов, В. Д. Гальченко
|
| 210 |
|
|
|a Москва
|c Энергоатомиздат
|d 1986
|
| 215 |
|
|
|a 151 с.
|c ил.
|
| 320 |
|
|
|a Библиогр.: с. 148-152 (96 назв.)
|
| 606 |
1 |
|
|a Весовые дозаторы
|2 stltpush
|3 (RuTPU)RU\TPU\subj\2302
|9 30883
|
| 610 |
1 |
|
|a преобразователи измерительные
|
| 610 |
1 |
|
|a всеизмерительные приборы
|
| 610 |
1 |
|
|a дозаторы тензометрические
|
| 610 |
1 |
|
|a тензометрические приборы
|
| 610 |
1 |
|
|a детали
|
| 610 |
1 |
|
|a узлы
|
| 610 |
1 |
|
|a аналого-цифровое преобразование
|
| 610 |
1 |
|
|a проектирование
|
| 675 |
|
|
|a 681.26
|z rus
|v 3
|
| 700 |
|
1 |
|a Полунов
|b Ю. Л.
|g Юрий Леонович
|4 070
|
| 701 |
|
1 |
|a Гальченко
|b В. Д.
|g Виталий Дмитриевич
|4 070
|
| 801 |
|
0 |
|a RU
|b RuMRKP
|c 19950704
|g psbo
|
| 801 |
|
1 |
|a RU
|b 63413507
|c 20140707
|
| 801 |
|
2 |
|a RU
|b 63413507
|c 20170216
|g RCR
|
| 942 |
|
|
|c BK
|